| 000 | 01293nam a2200301 i 4500 | ||
|---|---|---|---|
| 003 | DO-SdBNP | ||
| 005 | 20240618143127.0 | ||
| 007 | ta | ||
| 008 | 240618b2023 dr abcd| |||| 00| 0 spa d | ||
| 020 | _a9789945623161 | ||
| 040 |
_aDO-SdBNP _bspa _cBNPHU _drda |
||
| 082 | 4 | _222 | |
| 100 |
_aNanita Kennett, Milagros, _984528 _eautora |
||
| 245 | 1 | 0 |
_aEstudios de fragilidad, resilencia, desrrollo e inversión (FREDI) _cMilagros Nanita-Kennett, Alizamel Hernández Montilla, Wanda Báez Lorenzo, Aldo Fernández ; edición, Enrique Soldevilla Enríquez |
| 264 |
_aSanto Domingo : _bMinisterio de Relaciones Exteriores: _bInstituto Superior para la Defensa, _c2023. |
||
| 300 |
_avolumenes : _bilustraciones, retratos, mapas y gráficos ; _c28 cm. |
||
| 336 |
_2rdacontent _atexto _btxt |
||
| 337 |
_2rdamedia _asin mediación _bn |
||
| 338 |
_2rdacarrier _avolumen _bnc |
||
| 500 | _aIncluye referencias bibliográficas y notas al pie de las páginas | ||
| 505 |
_avolumen 2-- _tPedernales-- _gvolumen 3-- _tIndependencia-- _gvolumen 4-- _tElías Piña -- _gvolumen 5-- _tDajabón. |
||
| 590 | _aInventariado, 2024/BT | ||
| 700 | 1 |
_aHernández Montilla, Alizamel _984529 |
|
| 700 | 1 |
_aBáez Lorenzo, Wandra _985703 |
|
| 700 | 1 |
_aFernández, Aldo _985704 |
|
| 910 | _aBtavarez | ||
| 942 |
_2ddc _cLBS1 |
||
| 999 |
_c56881 _d56881 |
||